[Event "Sonderjysk-ch C"]
[Site "Haderslev"]
[Date "2013.04.29"]
[Round "1"]
[White "Jessen, Morten"]
[Black "Krongaard, Kasper Schmidt"]
[Result "1-0"]
[WhiteElo "1336"]
[BlackElo "1000"]
[PlyCount "81"]
[EventDate "2013.04.29"]
[EventType "swiss"]
[EventRounds "5"]
[EventCountry "DEN"]
[SourceTitle "EXT 2023"]
[Source "ChessBase"]
[SourceDate "2022.10.05"]
[SourceVersion "1"]
[SourceVersionDate "2022.10.05"]
[SourceQuality "1"]

1. c4 e5 2. Nc3 Bc5 3. g3 d6 4. Bg2 Nf6 5. h3 0-0 6. d3 c6 7. Nf3 h6 8. a3 Be6 9. b4 Bd4 10. Nxd4 exd4 11. Nb1 b5 12. cxb5 Bd5 13. Bxd5 Nxd5 14. bxc6 Nxc6 15. Bb2 Rc8 16. b5 Qb6 17. Qb3 Nce7 18. 0-0 a5 19. a4 Nb4 20. Nd2 d5 21. Nf3 Nc2 22. Rac1 Qc5 23. Rfd1 Rfd8 24. Rd2 Qb4 25. Qxb4 Nxb4 26. Rxc8 Rxc8 27. Bxd4 h5 28. Bb6 d4 29. Bxa5 Nbd5 30. Nxd4 Ra8 31. Nb3 g5 32. Ra2 Kg7 33. Bd2 f6 34. e4 Nb6 35. a5 Nbc8 36. Bb4 Ng6 37. b6 Nxb6 38. axb6 Rb8 39. Ra7+ Kh6 40. b7 Ne7 41. Bxe7 1-0